000 00685nam a22002177a 4500
999 _c22668
_d22668
003 AR-CdUCM
008 190313b ||||| |||| 00| 0 spa d
040 _aMUNICIPALIDAD PROVINCIAL DEL CUSCO
_cBIBLIOTECA MUNICIPAL DEL CUSCO
082 _a869.56/A6669L
100 _aAráoz de Jahnsen, Arelí
_911266
245 _aLlanto de los árboles :
_bHaikus /
_cArelí Aráoz
260 _aLima :
_bAmantes del país,
_c2021.
300 _a84 páginas ;
_c21 cm.
500 _aEstación com partida, 30 años aniversario
650 _aPoesía
_948828
650 _aPoesía peruana
_948829
650 _aHaikus
_948830
650 _aSiglo XX
_948825
942 _2ddc
_cLIBROS
945 _arac